| 000 | 00520nam a2200169Ia 4500 | ||
|---|---|---|---|
| 005 | 20250508153843.0 | ||
| 008 | 008 250505s9999 xx 000 0 eng d | ||
| 037 | _aBooks to be hide in OPAC | ||
| 040 |
_aFEDL _beng _cFEDL |
||
| 041 |
_aeng _2eng |
||
| 084 |
_a616, DOS/O _qFEDL |
||
| 245 | 0 | _aDostoyevsky lived here: A short guide to dostoyevsky museum in Moscow | |
| 260 |
_aMoscow _bForeign Languages Publishing House _c1959 |
||
| 300 | _a93p | ||
| 942 |
_cHB _h616, DOS/O |
||
| 999 |
_c1345972 _d1345972 |
||